000 00343nam a2200157Ia 4500
001 20511
003 IN-NITTTR
005 20251114233234.0
008 251113s9999||||xx |||||||||||||| ||eng||
040 _beng
040 _cIN-NITTTR
041 _aeng
082 _a006.33 K76
245 0 _aKnowledge-based design systems /
942 _2ddc
_cBK
999 _c23144
_d23144